Leisure and tourism : intermediate GNVQ /
Investigating the leisure and tourism industries. Marketing and promoting leisure and tourism products. Customer service in leisure and tourism. Contributing to the running of an event.
Sparad:
| Huvudupphovsman: | |
|---|---|
| Övriga upphovsmän: | |
| Materialtyp: | Bok |
| Språk: | English |
| Publicerad: |
Harlow, Eng. :
Longman,
1998.
|
| Ämnen: | |
| Taggar: |
Lägg till en tagg
Inga taggar, Lägg till första taggen!
|
| Thư viện lưu trữ: | Mạng thư viện Đại học Đà Nẵng |
|---|
| LEADER | 01169cam a2200373 i 4500 | ||
|---|---|---|---|
| 001 | 000047972 | ||
| 003 | 7668 | ||
| 005 | 20030313080545.0 | ||
| 008 | 010316|1998 vm 000 eng | ||
| 020 | |a 0582304105 | ||
| 040 | |a IRC |c IRC |d IRC | ||
| 041 | 0 | |a eng | |
| 082 | 1 | 4 | |a 338.4791 |b KE-K |
| 100 | 1 | |a Kemp, Katherine. | |
| 245 | 0 | 0 | |a Leisure and tourism : |b intermediate GNVQ / |c Katherine Kemp and Stephen Pearson. |
| 260 | |a Harlow, Eng. : |b Longman, |c 1998. | ||
| 300 | |a vi, 309 p. : |b ill., maps ; |c 24.5cm. | ||
| 520 | 3 | |a Investigating the leisure and tourism industries. Marketing and promoting leisure and tourism products. Customer service in leisure and tourism. Contributing to the running of an event. | |
| 630 | 0 | 4 | |a Tourism. |
| 630 | 0 | 4 | |a Great Britain. |
| 630 | 0 | 4 | |a Leisure industry. |
| 650 | 0 | 4 | |a Tourism |z Great Britain. |
| 650 | 0 | 4 | |a Leisure industry |z Great Britain. |
| 700 | 1 | |a Pearson, Stephen. | |
| OWN | |a DUT | ||
| 999 | |a From the UDN01 | ||
| TYP | |a Monograph | ||
| TYP | |a Printed language | ||
| 980 | |a Mạng thư viện Đại học Đà Nẵng | ||


